Central Library || Chittagong University

Introductory general course in the physical sciences, syllabus.// (Record no. 110256)

MARC details
000 -LEADER
fixed length control field 00558nam a22001817a 4500
003 - CONTROL NUMBER IDENTIFIER
control field BD-ChCU
005 - DATE AND TIME OF LATEST TRANSACTION
control field 20251209100741.0
008 - FIXED-LENGTH DATA ELEMENTS--GENERAL INFORMATION
fixed length control field 251209b bg ||||| |||| 00| 0 ben d
040 ## - CATALOGING SOURCE
Transcribing agency BD-ChCU
082 ## - DEWEY DECIMAL CLASSIFICATION NUMBER
Classification number 375.5 STI
100 ## - MAIN ENTRY--PERSONAL NAME
Personal name Stephenson, Reginold J.ed
9 (RLIN) 17754
245 ## - TITLE STATEMENT
Title Introductory general course in the physical sciences, syllabus.//
Statement of responsibility, etc. Reginold J. Stephenson.
250 ## - EDITION STATEMENT
Edition statement 11th ed.
260 ## - PUBLICATION, DISTRIBUTION, ETC.
Place of publication, distribution, etc. Chicago
Name of publisher, distributor, etc. Univ. of Chicago Book store.
Date of publication, distribution, etc. 1941
300 ## - PHYSICAL DESCRIPTION
Extent xi, 281p
650 #0 - SUBJECT ADDED ENTRY--TOPICAL TERM
Topical term or geographic name entry element Introductory - Physical science.
9 (RLIN) 17756
942 ## - ADDED ENTRY ELEMENTS (KOHA)
Source of classification or shelving scheme Dewey Decimal Classification
Koha item type Books
Suppress in OPAC No
Holdings
Withdrawn status Lost status Source of classification or shelving scheme Damaged status Not for loan Home library Current library Shelving location Date acquired Source of acquisition Total Checkouts Full call number Barcode Date last seen Copy number Price effective from Koha item type
    Dewey Decimal Classification     Chittagong University Library Chittagong University Library Science Reading Room 12/09/2025 Purchase   375.5 STI 38174 12/09/2025 C-1 12/09/2025 Books
© Copyright 2025. Chittagong University Library, Installation and Maintenance by Prof. Dr. Md. Alamgir, 01711306253